Sports Quiz

Random Sports or NBA Quiz

Nba players of the 2000's Quiz Stats

 Plays Quiz not verified by Sporcle

Support Sporcle.
Go Orange.
Score 0/25 Timer 10:00
0 Plays Today
Hint Answer % Correct
cavaliers or heatLebron james
100%
bulls or wizardsmichael jordan
83.3%
thunderkevin durant
80%
nuggets or knickscarmelo anthony
75%
spurstim duncan
75%
thunderrussell westbrook
73.3%
suns or lakerssteve nash
73.3%
spurstony parker
73.3%
thunder or rocketsjames harden
71.7%
wizardsjohn wall
68.3%
lakersKobe bryant
68.3%
rocketstracy mcgrady
66.7%
heat or raptorschris bosh
66.7%
Hint Answer % Correct
rocketsyao ming
65%
magic,lakers,and rocketsdwight howard
63.3%
heatdwayne wade
63.3%
raptors or magicvince carter
60%
cavalierskyrie irving
60%
kingsdemarcus cousins
58.3%
mavericks or sunsjason kidd
55%
pelicans or hornetsanthony davis
55%
warriorssteph curry
53.3%
Shaq'tin a fool legend on the nuggets or mavericksjavale mcgee
51.7%
spurskawhi leonard
45%
warriors or clippersjamal crawford
16.7%

You're not logged in!

Compare scores with friends on all Sporcle quizzes.
OR
Log In

From the Vault

Big 4 Most Consecutive Winning Seasons

by starcivicrats

It must be pretty easy to be fans of these teams.
Remove Ads.
Support Sporcle.
Get the best of Sporcle when you Go Orange. This ad-free experience offers more features, more stats, and more fun while also helping to support Sporcle. Thank you for becoming a member.

Show Comments

Extras

Created Jan 25, 2016ReportNominate
Tags:NBA Quiz, 2000, Player

Top Quizzes Today


Score Distribution

Your Account Isn't Verified!

In order to create a playlist on Sporcle, you need to verify the email address you used during registration. Go to your Sporcle Settings to finish the process.

Report this User

Report this user for behavior that violates our Community Guidelines.

Details: